| 000 | 00654nam a2200205Ia 4500 | ||
|---|---|---|---|
| 003 | GCL | ||
| 008 | 140319s9999 xx 000 0 ara d | ||
| 040 |
_aGCL / _cGCL |
||
| 082 | 0 | 4 |
_a374.02 _bع م |
| 100 | 1 | _aعبدالرحمن بن سعد الحميدى | |
| 245 | 1 | 0 |
_aمدخل الى علم تعليم الكبار / _cعبدالرحمن بن سعد الحميدى |
| 250 | _aالاولى | ||
| 260 |
_aالرياض : _bعبدالرحمن بن سعد الحميدى ، _c1992 |
||
| 300 |
_a443 ص ؛ _c23 سم |
||
| 490 | _a | ||
| 650 | 0 | 4 | _aالتعليم |
| 650 | 0 | 4 | _aالتربية |
| 650 | 0 | 4 | _aتعليم الكبار |
| 942 |
_2ddc _cBK |
||
| 999 |
_c43762 _d43762 |
||